| 000 | 01433cam a2200421 i 4500 | ||
|---|---|---|---|
| 999 |
_c523437 _d523437 |
||
| 001 | 20358960 | ||
| 003 | NUST | ||
| 005 | 20190308090220.0 | ||
| 008 | 180215t20172017nz b 000 0 eng | ||
| 010 | _a 2017467426 | ||
| 020 | _a9789699837043 | ||
| 020 | _a9699837047 | ||
| 035 | _a(OCoLC)on1000576636 | ||
| 038 | _awaseem | ||
| 040 |
_aNZ1 _beng _cNZ1 _erda _dOCLCF _dCOO _dOCLCO _dDLC |
||
| 042 |
_anznb _alccopycat |
||
| 050 | 0 | 0 |
_aBP75 _b.A49 2017 |
| 082 | 0 | 4 |
_a297.63 _bAFR |
| 100 | 0 |
_aAfrasiab _eauthor. _99224 |
|
| 245 | 1 | 4 |
_aThe greatest man in history is Muhammad / _cAfrasiab, Ambassador of Pakistan. |
| 246 | 1 | 8 | _aMuhammad |
| 264 | 1 |
_a[Wellington, New Zealand] : _bA Jellyman New Zealand Paperback Publication, _c[2017] |
|
| 264 | 4 | _c©2017 | |
| 300 |
_avii, 641 pages ; _c24 cm |
||
| 336 |
_atext _2rdacontent |
||
| 337 |
_aunmediated _2rdamedia |
||
| 338 |
_avolume _2rdacarrier |
||
| 504 | _aIncludes bibliographical references. | ||
| 600 | 0 | 0 |
_aMuḥammad, _cProphet, _d-632. _96565 |
| 600 | 0 | 7 |
_aMuḥammad, _cProphet, _d-632. _2fast _0(OCoLC)fst01836298 _96565 |
| 650 | 0 |
_aIslam. _9174 |
|
| 650 | 0 |
_aIslam _xHistory. _96120 |
|
| 650 | 7 |
_aIslam. _2fast _0(OCoLC)fst00979776 _9174 |
|
| 655 | 7 |
_aHistory. _2fast _0(OCoLC)fst01411628 _913777 |
|
| 906 |
_a7 _bcbc _ccopycat _d3 _encip _f20 _gy-gencatlg |
||
| 942 |
_2ddc _cBK |
||